000 00780nam a2200193Ii 4500
003 JO-AjNU
008 230605s9999||||xx |||||||||||||| ||und||
040 _aJO-AjNU
_bara
_erda
_cJO-AjNU
041 _aara
050 1 4 _aDS119.2.M3412 1996
100 3 _aتاليف مانير، يهودا؛ ترجمة الرز، مصطفى,
_eauthor
_919284
245 0 0 _aالعلاقات المدنية - العسكرية في إسرائيل
264 3 1 _aالقاهرة: مكتبة مدبولي، 1996
300 _a368ص
336 _atext
_btxt
_2rdacontent
337 _aunmediated
_bn
_2rdamedia
338 _avolume
_bnc
_2rdacarrier
650 4 _aالنظام الاسرائيلي -تاريخ، انهماك المدنيين والعسكريين الاسرائيلين- تاريخ
_919285
999 _aA6333
_c9901
_d9901